000 00633cam a2200217 4500
001 sa 68014660
003 DLC
005 20260227112633.0
008 700211s1968 ii a 00010 eng
010 _asa 68014660
025 _aPL480:I-E-10879
050 0 _aDS480.84
_b.N275
082 _a320.9/54
100 2 0 _aNarayana Ayyar, S. R.
245 1 0 _aWails of an obscure Hindu,
_cby S. R. Narayana Ayyar.
260 0 _a[Coonoor]
_bCopies available from Higginbothams, Madras
_c[1968]
300 _a93, lx p.
_billus.
_c22 cm.
350 _a3.50
651 0 _aIndia
_xPolitics and government
_y1947-
651 0 _aIndia
_xLanguages.
999 _c85940
_d85940